01694nam a2200397 i 450000100060000000300080000600500170001400600190003100700150005000800410006502000360010603500220014204000310016405000240019508000070021908200180022624501810024426400760042530000410050133600310054233700330057333800430060649000650064958800680071459001620078265000260094465000410097065000260101165000250103765500250106270000310108779700180111883000660113685600770120299900170127920258FlNmELB20241216213830.0m o d | cr cnu||||||||190320s2018 ck o 000 0 spa d a9789587601046q(electronic bk.) a(OCoLC)1128450557 aFINmELBbspaerdacFINmELB 4aHF1418.5bM689 2018 a330 a334.0986122300aModelos de integración económica solidaria :bteoría y acción : Solidarity-based economic integration models: theory and action /cSohely Rúa Castañeda [y otros 6]. 1aBogotá :bFondo Editorial Universidad Cooperativa de Colombia,c2018. a1 recurso en línea (120 páginas) atextobtxt2rdacontent/spa acomputadorabc2rdamedia/spa arecurso en líneabcr2rdacarrier/spa1 aColección investigación en economía social y solidaria aDescripción basada en el editor de metadatos y otras fuentes. aRecurso electrónico. Santa Fe, Arg.: elibro, 2019. Disponible vía World Wide Web. El acceso puede estar limitado para las bibliotecas afiliadas a elibro. 4aEconomíazColombia. 4aIntegración económicazColombia. 0aEconomic integration. 0aEconomicszColombia. 4aLibros electronicos.1 aRúa Castañeda, Sohely.2 aelibro, Corp. 0aColección investigación en economía social y solidaria.40uhttps://elibro.net/ereader/politecnicointernacional/85312zClick to View c20258d20258